International marketing and export management.
| Main Author: | |
|---|---|
| Other Authors: | , , |
| Format: | Book |
| Published: |
Wokingham:
Addison-Wesley,
1994.
|
| Edition: | 2nd ed.. |
| Subjects: |
| LEADER | 00569cam a2200205 7i4500 | ||
|---|---|---|---|
| 001 | 0000004010 | ||
| 005 | 20220119090000.0 | ||
| 002 | ##000005453 | ||
| 020 | 0 | 0 | |a 0-201-62404-4 |
| 090 | 0 | 0 | |a B 658.848 |b ALB |
| 100 | 0 | 0 | |a Albaum |
| 245 | 0 | 0 | |a International marketing and export management. |
| 250 | 0 | 0 | |a 2nd ed.. |
| 260 | 0 | 0 | |a Wokingham: |b Addison-Wesley, |c 1994. |
| 300 | 0 | 0 | |a 484 p.. |
| 650 | 0 | 0 | |a Marketing -- |x Management |
| 700 | 0 | 0 | |a Strandskov, Jesper |
| 700 | 0 | 0 | |a Duerr, Edwin |
| 700 | 0 | 0 | |a Dowd, Laurence |
| 999 | |a 0000006465 |b Book |c Open shelf |e Business Information Centre | ||


